000
00312nam a22001337a 4500
008
170306b xxu||||| |||| 00| 0 eng d
020
_a
0721661157
041
_a
eng
080
_2
5TH
_a
611
100
_a
6
101
_a
SHM
245
_a
RECOGNIZABLE PATTERNS OF HUMAN MALFORMATION
_c
JONES, K.L
942
_2
udc
_c
BK
999
_c
6922
_d
6922